Transducers in measurement and control /

Guardado en:
Autor Principal: Sydenham, P. H.
Formato: Libro
Idioma:English
Publicado: Bristol [Eng.] : Research Triangle Park, N.C. : A. Hilger ; distributed by Instrument Society of America, c1980.
Edición:Rev. ed.
Materias:
Etiquetas: Agregar Etiqueta
Sin Etiquetas, Sea el primero en etiquetar este registro!
LEADER 00764cam a22002175a 4500
001 EIQ.libpla001186
008 810128s1980####enkao#########001#0#eng#d
005 20060815194122.0
245 1 0 |a Transducers in measurement and control /  |c Peter H. Sydenham. 
250 |a Rev. ed. 
260 |a Bristol [Eng.] :  |b A. Hilger ;  |a Research Triangle Park, N.C. :  |b distributed by Instrument Society of America,  |c c1980. 
300 |a 99 p. :  |b il., fotos ;  |c 28 cm. 
500 |a Incluye índice. 
020 |a 0876644604 (ISA : pbk.) 
100 1 |a Sydenham, P. H. 
082 0 0 |a 621.37/9  |2 19 
650 4 |a Electrónica  |x Transductores. 
650 4 |a Electronics  |x Transducers. 
010 |a  80141947  
040 |a DLC  |c DLC  |d AR-BbSID 
859 |a AR-BbSID  |b BIB. PLAPIQUI  |h 621.379  |i Sy 24  |p 772